| 000 | 00695nam a2200193 a 4500 | ||
|---|---|---|---|
| 001 | 000035368 | ||
| 005 | 20250520113530.0 | ||
| 008 | 111028s1958 ag 000 0 spa d | ||
| 040 |
_aDO-SdBNP _bspa _cBNPHU |
||
| 100 | 1 |
_aBleger, José, _d1923-1972 _961172 |
|
| 245 | 1 | 0 |
_aPsicoanálisis y dialéctica materialista : _bestudios sobre la estructura del psicoanálisis / _cJosé Bleger. |
| 260 |
_aBuenos Aires : _bPaidós, _c1958. |
||
| 300 |
_a158 p. ; _c20 cm. |
||
| 490 | 0 |
_aBiblioteca psicologías del siglo XX ; _v8 |
|
| 650 | 2 | 4 |
_aPsicoanálisis _91958 |
| 650 | 2 | 4 |
_aDialéctica materialista _961173 |
| 650 | 2 | 0 |
_aPsicología _9152 |
| 830 | 0 |
_aBiblioteca psicologías del siglo XX ; _nv.8 _961174 |
|
| 999 |
_c34859 _d34859 |
||